[Event "Wijk an Zee"]
[Site "?"]
[Date "2005.??.??"]
[Round "?"]
[White "Van Wely, L."]
[Black "Short, N."]
[Result "1-0"]
[WhiteElo "2675"]
[BlackElo "2670"]
[PlyCount "61"]
[EventDate "2005.??.??"]
[Source "Chess Informant"]
[SourceDate "2004.10.01"]

1. d4 d5 2. c4 e6 3. Nc3 Nf6 4. cxd5 exd5 5. Bg5 c6 6. e3 Bf5 7. Qf3 Bg6 8. Bxf6 Qxf6 9. Qxf6 gxf6 10. Nf3 Nd7 11. Nh4 Be7 12. g3 Nb6 13. f3 a5 14. Kf2 a4 15. Rc1 Nc8 16. Be2 Nd6 17. Rhd1 O-O 18. Bd3 Rfe8 19. g4 Bf8 20. Ne2 Bh6 21. f4 Bxd3 22. Rxd3 Bf8 23. Ng3 Ra5 24. Rc2 Rb5 25. Nhf5 Nc4 26. b3 axb3 27. Rxb3 Rxb3 28. axb3 Na5 29. Nh5 Re6 30. Ra2 b6 31. Ra4 1-0

[Event "Hoogovens 5'"]
[Site "Wijk aan Zee"]
[Date "1999.01.18"]
[Round "12"]
[White "Sokolov, Ivan"]
[Black "Ivanchuk, Vassily"]
[Result "1-0"]
[WhiteElo "2610"]
[BlackElo "2714"]
[PlyCount "71"]
[EventDate "1999.01.18"]
[Source "ChessBase"]
[SourceDate "1999.03.01"]

1. d4 d5 2. c4 e6 3. Nc3 Nf6 4. cxd5 exd5 5. Bg5 c6 6. e3 Qb6 7. Bxf6 Qxb2 8. Qc1 Ba3 9. Bxg7 Rg8 10. Nxd5 cxd5 11. Qxb2 Bxb2 12. Rb1 Bc3+ 13. Kd1 Rxg7 14. Rc1 Bg4+ 15. f3 Bxd4 16. exd4 Be6 17. g3 a6 18. Bd3 Nc6 19. Ne2 Ke7 20. Kd2 Kd6 21. Rc3 h6 22. a4 Rgg8 23. Rb1 Rab8 24. Rb6 Bd7 25. Nf4 Rg5 26. g4 f5 27. h4 Rgg8 28. gxf5 Rg3 29. Ke3 Rg1 30. Rc5 Re1+ 31. Kf2 Ra1 32. a5 Ra4 33. Rxd5+ Kc7 34. Ne6+ Bxe6 35. fxe6 Rxa5 36. Rxc6+ 1-0

[Event "Batumi"]
[Site "?"]
[Date "1999.??.??"]
[Round "?"]
[White "Beliavsky, A."]
[Black "Short, N."]
[Result "1/2-1/2"]
[WhiteElo "2615"]
[BlackElo "2675"]
[PlyCount "67"]
[EventDate "1999.??.??"]
[Source "Chess Informant"]
[SourceDate "1999.10.01"]

1. d4 d5 2. c4 e6 3. Nc3 Nf6 4. cxd5 exd5 5. Bg5 c6 6. e3 Bf5 7. Qf3 Bg6 8. Bxf6 Qxf6 9. Qxf6 gxf6 10. O-O-O Nd7 11. Bd3 Rg8 12. g3 Nb6 13. Nf3 Bh5 14. Be2 Bb4 15. Nh4 Bg6 16. Bd3 Bxc3 17. bxc3 Bxd3 18. Rxd3 Kd7 19. Rd2 Nc4 20. Re2 Nd6 21. Ng2 a5 22. Nf4 a4 23. Kc2 f5 24. Rb1 Kc7 25. Kd1 h5 26. f3 Rh8 27. Kc2 Rae8 28. Kd3 b5 29. Rg1 Rh6 30. Ree1 Rh7 31. Ke2 Rh6 32. Kf2 Rg8 33. Re2 Rh7 34. Ree1 1/2-1/2

[Event "Elista ol (Men)"]
[Site "Elista"]
[Date "1998.10.04"]
[Round "6"]
[White "Yermolinsky, Alex"]
[Black "Azmaiparashvili, Zurab"]
[Result "1/2-1/2"]
[WhiteElo "2625"]
[BlackElo "2655"]
[PlyCount "35"]
[EventDate "1998.09.29"]
[Source "ChessBase"]
[SourceDate "1998.11.06"]

1. d4 d5 2. c4 e6 3. Nc3 Nf6 4. cxd5 exd5 5. Bg5 c6 6. e3 Bf5 7. Qf3 Bg6 8. Bxf6 Qxf6 9. Qxf6 gxf6 10. Nf3 Nd7 11. Nh4 Be7 12. g3 Nb6 13. O-O-O Nc8 14. Bd3 Nd6 15. f3 Bxd3 16. Rxd3 f5 17. Ng2 Bg5 18. Kc2 1/2-1/2

[Event "World Ch XIV Final"]
[Site "Cork World Ch XIV Final"]
[Date "1994.??.??"]
[Round "?"]
[White "Webb, Simon"]
[Black "Anton, Volker-Michael"]
[Result "1/2-1/2"]
[WhiteElo "2635"]
[BlackElo "2630"]
[PlyCount "73"]
[EventDate "1994.??.??"]
[Source "www.chesslib.no"]
[SourceDate "2004.05.04"]

1. d4 d5 2. c4 e6 3. Nc3 Nf6 4. cxd5 exd5 5. Bg5 c6 6. e3 Bf5 7. Qf3 Bg6 8. Bxf6 Qxf6 9. Qxf6 gxf6 10. h4 Nd7 11. h5 Bf5 12. f3 Nb6 13. Kf2 h6 14. g4 Bh7 15. f4 Rg8 16. Bh3 f5 17. gxf5 Bb4 18. Nge2 O-O-O 19. Rhg1 Kc7 20. Rac1 Be7 21. b3 Kb8 22. Kf3 Nd7 23. Rxg8 Rxg8 24. Rh1 Nf6 25. Ng3 Kc7 26. Na4 Ne8 27. Bf1 Bb4 28. Bd3 Nd6 29. Nb2 Bd2 30. Nd1 a5 31. Rh2 Be1 32. Nf2 b5 33. Rh1 Bxf2 34. Kxf2 f6 35. Kf3 Kb6 36. Re1 Re8 37. Rg1 1/2-1/2

[Event "Koge op"]
[Site "Koge"]
[Date "1997.??.??"]
[Round "4"]
[White "Sadler, Matthew"]
[Black "Hansen, Lars Bo"]
[Result "1-0"]
[WhiteElo "2665"]
[BlackElo "2570"]
[PlyCount "87"]
[EventDate "1997.??.??"]
[Source "www.chesslib.no"]
[SourceDate "2004.05.04"]

1. d4 d5 2. c4 e6 3. Nc3 Nf6 4. cxd5 exd5 5. Bg5 Be7 6. e3 c6 7. Bd3 Nbd7 8. Nge2 Nf8 9. Qc2 Ne6 10. Bh4 g6 11. f3 O-O 12. O-O b6 13. Kh1 Bb7 14. Rad1 Rc8 15. Qc1 Nd7 16. Bf2 f5 17. Qb1 Rf7 18. Bg1 Qf8 19. a3 Nf6 20. e4 f4 21. b4 Kh8 22. Qb3 a6 23. Rc1 Qg7 24. b5 axb5 25. exd5 cxd5 26. Nxb5 Ra8 27. a4 Rg8 28. Nc7 Nxc7 29. Rxc7 Bd8 30. Rxf7 Qxf7 31. Nxf4 Bc7 32. Ne2 Bc8 33. Rc1 Be6 34. Rc6 Ne8 35. Qc2 Rg7 36. Bf2 g5 37. Bg3 g4 38. fxg4 Bxg3 39. Nxg3 Rxg4 40. Rxb6 Rf4 41. Qe2 Bd7 42. Rb7 Rxd4 43. Rxd7 Qxd7 44. Qe5+ 1-0

[Event "PCA Qualifier g25, Geneva SUI"]
[Site "Geneva"]
[Date "1996.??.??"]
[Round "?"]
[White "Epishin, V."]
[Black "Dorfman, J."]
[Result "1-0"]
[WhiteElo "2620"]
[BlackElo "2590"]
[PlyCount "87"]
[EventDate "1996.??.??"]
[Source "www.chesslib.no"]
[SourceDate "2004.05.04"]

1. d4 d5 2. c4 e6 3. Nc3 Nf6 4. cxd5 exd5 5. Bf4 c6 6. e3 Nbd7 7. Bd3 Be7 8. Qc2 O-O 9. h3 Re8 10. Nf3 Nf8 11. O-O Nh5 12. Bh2 g6 13. Rab1 a5 14. a3 Ng7 15. b4 Bf5 16. bxa5 Qc8 17. a4 Rxa5 18. Rb3 Nd7 19. Rfb1 Bxd3 20. Qxd3 Ra7 21. Qc2 Ne6 22. Qb2 Nd8 23. Ne1 Nf8 24. Qc2 Qd7 25. Nf3 f6 26. Ne1 Nfe6 27. Nd3 Kg7 28. Rb6 Nf7 29. Qb3 Ned8 30. Ne2 Bd6 31. Nc5 Bxc5 32. dxc5 Re7 33. Qb4 Ng5 34. Nc3 Ne4 35. a5 Nxc3 36. Qxc3 Re4 37. Bd6 Ra4 38. Ra1 Rc4 39. Qb2 g5 40. a6 Rxa6 41. Raxa6 bxa6 42. Rxa6 Nf7 43. Qb8 h5 44. Ra7 1-0

[Event "6. EICC"]
[Site "?"]
[Date "2005.06.29"]
[Round "11"]
[White "Beliavsky Alexander G"]
[Black "Popov Valerij"]
[Result "1-0"]
[WhiteElo "2630"]
[BlackElo "2568"]
[PlyCount "91"]
[EventDate "2005.??.??"]
[Source "www.chesslib.no"]
[SourceDate "2004.05.04"]

1. d4 d5 2. c4 e6 3. Nc3 Nf6 4. cxd5 exd5 5. Bg5 c6 6. e3 Bf5 7. Qf3 Bg6 8. Bxf6 Qxf6 9. Qxf6 gxf6 10. Nf3 Nd7 11. g3 Nb6 12. Nh4 Nc4 13. Bxc4 dxc4 14. e4 O-O-O 15. O-O-O Bb4 16. f3 Rd7 17. Rd2 Rhd8 18. Rhd1 b5 19. Kc2 Ba5 20. a3 a6 21. d5 c5 22. Re2 Kb7 23. g4 Bc7 24. Ng2 h5 25. h3 Rg8 26. f4 Bh7 27. f5 hxg4 28. hxg4 Rxg4 29. Rh1 Rg7 30. Ne3 Rd8 31. Rg2 Rdg8 32. Rxg7 Rxg7 33. Rh4 Be5 34. Ne2 Kc7 35. Ng4 Kd6 36. Nxe5 Kxe5 37. Kd2 b4 38. axb4 cxb4 39. Ke3 a5 40. Nd4 Kd6 41. Rh6 Rg3+ 42. Kf4 Rd3 43. Rxf6+ Ke7 44. Ke5 c3 45. bxc3 bxc3 46. d6+ 1-0

[Event "USA-China Summit"]
[Site "Seattle"]
[Date "2001.03.18"]
[Round "4.1"]
[White "Gulko, Boris F"]
[Black "Yin Hao"]
[Result "1/2-1/2"]
[WhiteElo "2622"]
[BlackElo "2576"]
[PlyCount "42"]
[EventDate "2001.03.14"]
[Source "ChessBase"]
[SourceDate "2001.05.17"]

1. d4 d5 2. c4 e6 3. Nc3 Nf6 4. cxd5 exd5 5. Bg5 Be7 6. e3 O-O 7. Bd3 Nbd7 8. Nge2 Re8 9. O-O Nf8 10. b4 Ne4 11. Bxe7 Rxe7 12. Bxe4 dxe4 13. Ng3 f5 14. f3 exf3 15. Rxf3 Ng6 16. Nxf5 Bxf5 17. Rxf5 Rxe3 18. Qd2 Re8 19. Raf1 Qe7 20. Qd3 c6 21. Qc4+ Qe6 1/2-1/2

[Event "Memorial Xose Enrique Rodriguez Pena"]
[Site "Ourense SPA"]
[Date "2007.06.15"]
[Round "9"]
[White "Graf, A."]
[Black "Strikovic, A."]
[Result "1/2-1/2"]
[WhiteElo "2620"]
[BlackElo "2563"]
[PlyCount "20"]
[EventDate "2007.06.07"]
[Source "www.chesslib.no"]
[SourceDate "2004.05.04"]

1. d4 d5 2. c4 e6 3. Nc3 Nf6 4. cxd5 exd5 5. Bg5 Be7 6. e3 c6 7. Bd3 Nbd7 8. Nf3 O-O 9. O-O Re8 10. Qc2 Bf8 1/2-1/2

[Event "II Open Rapid"]
[Site "Canada de Calatrava SPA"]
[Date "2007.04.08"]
[Round "7"]
[White "Sokolov, Iv"]
[Black "Teske, H."]
[Result "1-0"]
[WhiteElo "2652"]
[BlackElo "2524"]
[PlyCount "91"]
[EventDate "2007.04.06"]
[Source "www.chesslib.no"]
[SourceDate "2004.05.04"]

1. d4 d5 2. c4 e6 3. Nc3 Nf6 4. cxd5 Nxd5 5. e4 Nxc3 6. bxc3 c5 7. a3 Be7 8. Nf3 O-O 9. Bd3 cxd4 10. cxd4 b5 11. O-O Bb7 12. Bf4 a6 13. a4 Nd7 14. Qe2 bxa4 15. Rxa4 Nf6 16. Rb1 Bc6 17. Ra2 Bb5 18. Bxb5 axb5 19. Rab2 b4 20. Bd2 Rb8 21. Ne5 Rb6 22. Qe3 Qb8 23. h3 Rd8 24. Nf3 Qb7 25. Re1 Ra8 26. Ne5 b3 27. Nc4 Rb5 28. Qd3 Ra2 29. Rbb1 h6 30. Bc3 Nh5 31. Ne5 Bd6 32. Nc4 Bb8 33. Qf3 Qc6 34. Na5 Qb6 35. e5 g6 36. Nc6 Rc2 37. d5 Qb7 38. d6 Ba7 39. Nxa7 Qxa7 40. Red1 Rb7 41. Bd4 Qb8 42. Be3 Ng7 43. Bxh6 Nf5 44. Bg5 Qa7 45. Qxb7 Qxf2+ 46. Kh1 1-0

[Event "RUS-Cup final"]
[Site "Ekaterinburg"]
[Date "1999.??.??"]
[Round "9"]
[White "Kiriakov, Petr"]
[Black "Kharlov, Andrei"]
[Result "1/2-1/2"]
[WhiteElo "2564"]
[BlackElo "2600"]
[PlyCount "21"]
[EventDate "1999.08.28"]
[Source "ChessBase"]
[SourceDate "2000.04.05"]

1. d4 d5 2. c4 e6 3. Nc3 Nf6 4. cxd5 exd5 5. Bg5 c6 6. Nf3 Be7 7. e3 Bf5 8. Bd3 Bxd3 9. Qxd3 Nbd7 10. Bxf6 Nxf6 11. O-O 1/2-1/2

[Event "Novosibirsk"]
[Site "Novosibirsk"]
[Date "1993.??.??"]
[Round "6"]
[White "Vaisser, Anatoli"]
[Black "Ruban, Vadim"]
[Result "1/2-1/2"]
[WhiteElo "2555"]
[BlackElo "2595"]
[PlyCount "120"]
[EventDate "1993.06.??"]
[Source "ChessBase"]

1. d4 d5 2. c4 e6 3. Nc3 Nf6 4. cxd5 exd5 5. Bg5 c6 6. e3 Bf5 7. Qf3 Bg6 8. Bxf6 Qxf6 9. Qxf6 gxf6 10. Kd2 Nd7 11. h4 Nb6 12. h5 Bf5 13. b3 Rg8 14. g3 Ba3 15. Bd3 Bxd3 16. Kxd3 Bb2 17. Re1 Bxc3 18. Kxc3 Nc8 19. Ne2 Nd6 20. f3 Kd7 21. Kd3 f5 22. Rh3 Nb5 23. Nf4 a5 24. a4 Nc7 25. Ke2 Ne6 26. Nd3 f6 27. Kf2 b6 28. h6 c5 29. Rh5 Rg5 30. Rxg5 fxg5 31. dxc5 bxc5 32. e4 fxe4 33. fxe4 Rf8+ 34. Kg2 dxe4 35. Rxe4 Kd6 36. Nb2 Kd5 37. Re3 Rf6 38. Nc4 Rxh6 39. Nxa5 Nd4 40. Re7 Ra6 41. Nc4 Nxb3 42. Ne3+ Kd4 43. Nf5+ Kd3 44. Rxh7 Rxa4 45. Rd7+ Nd4 46. Kh3 Ke4 47. Nd6+ Ke5 48. Nf7+ Ke6 49. Rb7 Nf3 50. g4 Ra3 51. Kg2 Nh4+ 52. Kh2 Nf3+ 53. Kg2 Kd5 54. Rc7 c4 55. Kf2 Nd4 56. Rd7+ Kc5 57. Nxg5 c3 58. Ne4+ Kc4 59. Rc7+ Kd3 60. Rxc3+ Rxc3 1/2-1/2

[Event "Weekendtoernooi"]
[Site "Windesheim"]
[Date "2003.03.08"]
[Round "4"]
[White "Milov, Vadim"]
[Black "Meyers, Viesturs"]
[Result "1-0"]
[WhiteElo "2644"]
[BlackElo "2496"]
[PlyCount "107"]
[EventDate "2003.03.07"]
[Source "Roberto Alvarez"]
[SourceDate "2003.03.10"]

1. d4 d5 2. c4 e6 3. Nc3 Nf6 4. cxd5 exd5 5. Bg5 Be7 6. e3 O-O 7. Bd3 Nbd7 8. Nge2 b6 9. O-O Bb7 10. Ng3 Ne4 11. Bf4 Nxg3 12. Bxg3 a6 13. Qf3 Nf6 14. Be5 g6 15. Rac1 Ne8 16. Rfd1 f6 17. Bg3 f5 18. Bc4 c6 19. Bb3 Bd6 20. Ne2 Bxg3 21. hxg3 Nf6 22. Nf4 Qe7 23. Nd3 Ng4 24. Re1 Kh8 25. Ba4 Rac8 26. b4 Rf6 27. Rc3 Qf8 28. Rec1 Qh6 29. Nf4 b5 30. Bb3 Qh2+ 31. Kf1 Rg8 32. Ke2 g5 33. Nd3 Re8 34. Kd2 Nh6 35. Re1 Nf7 36. Rcc1 g4 37. Qf4 Qxg2 38. e4 dxe4 39. Bxf7 Rxf7 40. Ne5 Rg7 41. Ke3 Rxe5 42. dxe5 Qf3+ 43. Qxf3 gxf3 44. Kf4 Kg8 45. e6 Kf8 46. Red1 Ke8 47. Rd6 Rc7 48. Rc5 Ke7 49. Rd7+ Rxd7 50. exd7 Kxd7 51. Rxf5 c5 52. Rxc5 Kd6 53. Rh5 Bd5 54. Rh6+ 1-0

[Event "Sao Paulo"]
[Site "Sao Paulo BRA"]
[Date "1979.??.??"]
[Round "?"]
[White "Gheorghiu, Florin"]
[Black "Ljubojevic, Ljubomir"]
[Result "1/2-1/2"]
[WhiteElo "2540"]
[BlackElo "2590"]
[PlyCount "144"]
[EventDate "1979.02.??"]
[Source "www.chesslib.no"]
[SourceDate "2004.05.04"]

1. d4 d5 2. c4 e6 3. Nc3 Nf6 4. cxd5 exd5 5. Bg5 Nbd7 6. e3 c6 7. Qc2 Bd6 8. Bd3 Nf8 9. Nge2 Ng6 10. Ng3 h6 11. Bxf6 Qxf6 12. Nh5 Qg5 13. Nxg7+ Kf8 14. Nf5 Bxf5 15. Bxf5 Qxg2 16. O-O-O Nh4 17. Bd3 Nf3 18. Kb1 Bxh2 19. Qc1 Re8 20. e4 Qg5 21. Qe3 Qxe3 22. fxe3 dxe4 23. Nxe4 Re7 24. Rdf1 Ng5 25. Nxg5 hxg5 26. Rf2 Be5 27. Rg1 Bg7 28. Rxg5 Rh1+ 29. Kc2 Bh6 30. Re5 Bxe3 31. Re2 Rxe5 32. dxe5 Rc1+ 33. Kb3 Bc5 34. e6 f6 35. Rh2 Ke7 36. Bf5 Kd6 37. Re2 Ke7 38. Rh2 Kd6 39. Re2 Ke7 40. Rh2 b5 41. Rc2 Rxc2 42. Kxc2 Bb6 43. Be4 c5 44. Bc6 b4 45. Bd5 Kd6 46. Kd3 Bd8 47. Bc4 Ke5 48. a4 bxa3 49. bxa3 f5 50. a4 a5 51. Ke3 Bg5+ 52. Kd3 Kf4 53. Bd5 Be7 54. Bb3 Kf3 55. Kc4 Ke3 56. Kb5 Kd4 57. Bc4 f4 58. Be2 Bd8 59. Bf1 f3 60. Bc4 Bh4 61. Bf1 Be7 62. Bc4 Bd8 63. Bf1 Kd5 64. Bc4+ Kd6 65. Bb3 Bc7 66. Ba2 f2 67. Bc4 Bd8 68. Ka6 Kc6 69. Ka7 Bb6+ 70. Ka6 Bc7 71. Bb5+ Kd6 72. Bc4 Bd8 1/2-1/2

[Event "TCh-BIH"]
[Site "Jahorina"]
[Date "2003.06.24"]
[Round "6"]
[White "Aleksandrov, Aleksej"]
[Black "Vojinovic, Goran"]
[Result "1-0"]
[WhiteElo "2650"]
[BlackElo "2472"]
[PlyCount "69"]
[EventDate "2003.06.21"]
[Source "Roberto Alvarez"]
[SourceDate "2003.07.07"]

1. d4 d5 2. c4 e6 3. Nc3 Nf6 4. cxd5 exd5 5. Bg5 c6 6. Qc2 Nbd7 7. e3 Bd6 8. Bd3 Nf8 9. O-O-O Ng6 10. Kb1 h6 11. Bxf6 Qxf6 12. e4 dxe4 13. Nxe4 Qe7 14. d5 cxd5 15. Bb5+ Kf8 16. Nxd6 Qxd6 17. Ne2 Ne7 18. Rhe1 a6 19. Bd3 Bd7 20. Nc3 Bc6 21. g3 g6 22. Bf1 Kg7 23. Ne4 Qe5 24. f4 Qf5 25. Qc3+ f6 26. g4 Qxf4 27. Nxf6 Kf7 28. Ne4 Kg8 29. Bd3 dxe4 30. Bc4+ Nd5 31. Rf1 Qd6 32. Bxd5+ Bxd5 33. Rf6 Qe7 34. Rxd5 Kh7 35. Rfd6 1-0

[Event "Oberwart op"]
[Site "Oberwart"]
[Date "1996.??.??"]
[Round "8"]
[White "Sadler, Matthew"]
[Black "Burmakin, Vladimir"]
[Result "1-0"]
[WhiteElo "2615"]
[BlackElo "2505"]
[PlyCount "69"]
[EventDate "1996.07.??"]
[Source "www.chesslib.no"]
[SourceDate "2004.05.04"]

1. d4 d5 2. c4 e6 3. Nc3 Nf6 4. cxd5 exd5 5. Bg5 Be7 6. e3 h6 7. Bh4 O-O 8. Bd3 Nbd7 9. Nge2 b6 10. O-O c5 11. Rc1 Bb7 12. Bb1 c4 13. f3 Re8 14. Bf2 a6 15. Ng3 Bd6 16. Re1 b5 17. a3 Qb6 18. Nf5 Bc7 19. Qd2 a5 20. a4 b4 21. Nb5 Bb8 22. e4 dxe4 23. d5 Qa6 24. d6 Bc6 25. Ne7+ Kf8 26. Nxc6 Qxc6 27. Qd4 Ne5 28. Bxe4 Nxe4 29. Rxe4 f6 30. f4 Nf7 31. Rxe8+ Qxe8 32. d7 Qd8 33. Re1 Be5 34. fxe5 Nxe5 35. Qd5 1-0

[Event "Corr"]
[Site "?"]
[Date "1998.02.01"]
[Round "?"]
[White "Menetrier Manuel (FRA)"]
[Black "Kofidis Spyros (GRC)"]
[Result "1-0"]
[WhiteElo "2505"]
[BlackElo "2615"]
[PlyCount "67"]
[EventDate "1998.??.??"]
[Source "www.chesslib.no"]
[SourceDate "2004.05.04"]

1. d4 d5 2. c4 e6 3. Nc3 Nf6 4. cxd5 exd5 5. Bg5 Be7 6. e3 Nbd7 7. Bd3 Nf8 8. Nf3 Ne6 9. Bh4 c6 10. Qc2 g6 11. Rb1 a5 12. O-O O-O 13. a3 Ng7 14. b4 axb4 15. axb4 Bf5 16. b5 Bxd3 17. Qxd3 Nf5 18. Bxf6 Bxf6 19. Rb3 Nd6 20. Rfb1 Ra5 21. bxc6 bxc6 22. Rb6 Qa8 23. h3 Rd8 24. Nd2 c5 25. dxc5 Rxc5 26. Ne2 Qa2 27. Nb3 Rc2 28. Nbd4 Rd2 29. Ra6 Qc4 30. Qa3 Bxd4 31. Nxd4 Ne4 32. Ra8 Rxa8 33. Qxa8+ Kg7 34. Ne6+ 1-0

[Event "Corr"]
[Site "?"]
[Date "2001.12.31"]
[Round "?"]
[White "Mercadal Benejam Josep"]
[Black "Oliveira Marcio Barbosa"]
[Result "1/2-1/2"]
[WhiteElo "2551"]
[BlackElo "2565"]
[PlyCount "44"]
[EventDate "2001.??.??"]
[Source "www.chesslib.no"]
[SourceDate "2004.05.04"]

1. d4 d5 2. c4 e6 3. Nc3 Nf6 4. cxd5 exd5 5. Bg5 c6 6. e3 h6 7. Bh4 Be7 8. Qc2 O-O 9. Bd3 Re8 10. Nge2 Nbd7 11. f3 Qc7 12. Bg3 Qb6 13. O-O Nf8 14. Bf2 Bd7 15. Rab1 c5 16. Nf4 Bc6 17. dxc5 Bxc5 18. b4 Bxe3 19. b5 Bd7 20. Nfxd5 Bxf2+ 21. Qxf2 Nxd5 22. Nxd5 Qxf2+ 1/2-1/2

[Event "Zonale 2.4"]
[Site "San Paolo BRA"]
[Date "2007.06.16"]
[Round "1"]
[White "Leitao, Rafael"]
[Black "Zambrana, Oswaldo"]
[Result "1-0"]
[WhiteElo "2603"]
[BlackElo "2512"]
[PlyCount "77"]
[EventDate "2007.06.16"]
[Source "www.chesslib.no"]
[SourceDate "2004.05.04"]

1. d4 d5 2. c4 e6 3. Nc3 Nf6 4. cxd5 exd5 5. Bg5 Be7 6. e3 O-O 7. Bd3 c6 8. Qc2 h6 9. Bh4 Nh5 10. Bxe7 Qxe7 11. Nge2 b6 12. h3 Re8 13. O-O-O Na6 14. a3 b5 15. Na2 Bd7 16. Kb1 Nf6 17. Nec3 Reb8 18. Rd2 Nc7 19. e4 a5 20. e5 Nh5 21. Ne2 b4 22. g4 b3 23. Qc1 bxa2+ 24. Kxa2 Ne6 25. gxh5 c5 26. Bf5 Bb5 27. Bxe6 Qxe6 28. f4 Bxe2 29. Rxe2 cxd4 30. Qd2 d3 31. Rg2 Qf5 32. Rhg1 Kh8 33. Rxg7 Rc8 34. R7g3 Rg8 35. Qg2 Rgd8 36. Rxd3 Rg8 37. Rg3 Rgd8 38. Rg7 d4 39. Qc6 1-0

[Event "Heraklio Open"]
[Site "Heraklio GRE"]
[Date "1993.??.??"]
[Round "7"]
[White "Sturua, Zurab"]
[Black "Smagin, Sergey B"]
[Result "1-0"]
[WhiteElo "2565"]
[BlackElo "2550"]
[PlyCount "99"]
[EventDate "1993.??.??"]
[Source "www.chesslib.no"]
[SourceDate "2004.05.04"]

1. d4 d5 2. c4 e6 3. Nc3 Nf6 4. cxd5 exd5 5. Bg5 Be7 6. e3 c6 7. Bd3 Nbd7 8. Nge2 Nb6 9. h3 Nc4 10. Qc2 Nd6 11. Ng3 Be6 12. O-O g6 13. Bf4 h5 14. Be5 h4 15. Nge2 Rg8 16. f3 Nf5 17. Qd2 Nh5 18. Nf4 Nxf4 19. Bxf4 Ng7 20. Qf2 Nh5 21. Be5 g5 22. Bh7 Rf8 23. e4 Nf6 24. exd5 Nxd5 25. Rfe1 Qd7 26. Rac1 Nxc3 27. bxc3 O-O-O 28. c4 f6 29. Bh2 Bb4 30. d5 b6 31. Rxe6 Bc5 32. Qxc5 bxc5 33. Bf5 Kb7 34. dxc6+ Qxc6 35. Be4 Qxe4 36. fxe4 Rde8 37. Rb1+ Ka8 38. Rxe8+ Rxe8 39. Kf2 a6 40. Kf3 Rd8 41. Ke3 Rd4 42. Rb6 Rxc4 43. Rxa6+ Kb7 44. Rxf6 Ra4 45. e5 Ra3+ 46. Ke4 Rxa2 47. Bg1 c4 48. Rf2 Ra1 49. Rb2+ Kc6 50. Be3 1-0

[Event "SUI-chT"]
[Site "SUI"]
[Date "2000.??.??"]
[Round "?"]
[White "Jussupow, Artur"]
[Black "Bellini, Fabio"]
[Result "1/2-1/2"]
[WhiteElo "2628"]
[BlackElo "2484"]
[PlyCount "99"]
[EventDate "2000.??.??"]
[Source "www.chesslib.no"]
[SourceDate "2004.05.04"]

1. d4 d5 2. c4 e6 3. Nc3 Nf6 4. cxd5 exd5 5. Bg5 c6 6. e3 Bf5 7. Qf3 Bg6 8. Bxf6 Qxf6 9. Qxf6 gxf6 10. h4 a5 11. h5 Bf5 12. Nf3 Nd7 13. Nh4 Be6 14. Bd3 Nb6 15. f3 h6 16. Kf2 Rg8 17. g4 Bb4 18. Rac1 a4 19. Ne2 Bd6 20. Rc2 Ra5 21. Nf5 Bf8 22. Neg3 Nc8 23. Rb1 Kd8 24. b4 axb3 25. Rxb3 Kc7 26. Rcb2 Ra7 27. a4 Nd6 28. Nxd6 Bxd6 29. Ne2 Rg5 30. a5 Rg8 31. Nc3 Rb8 32. Ra2 Rba8 33. Rc2 Kd8 34. Ne2 Bd7 35. e4 dxe4 36. Bxe4 Be6 37. Rb1 Rc8 38. Rd2 Kc7 39. d5 cxd5 40. Bxd5 Bc5+ 41. Kg2 Bxd5 42. Rxd5 Rxa5 43. Rf5 Kb8 44. Rb2 Ra6 45. f4 Re6 46. g5 fxg5 47. fxg5 hxg5 48. Rxf7 Rc7 49. Rxc7 Kxc7 50. Kf3 1/2-1/2

[Event "NED-ch op 5'"]
[Site "Dordrecht"]
[Date "2001.02.24"]
[Round "13"]
[White "Lautier, Joel"]
[Black "Jirovsky, Milos"]
[Result "1/2-1/2"]
[WhiteElo "2658"]
[BlackElo "2452"]
[PlyCount "114"]
[EventDate "2001.02.24"]
[Source "ChessBase"]
[SourceDate "2001.03.08"]

1. d4 d5 2. c4 e6 3. Nc3 Nf6 4. cxd5 exd5 5. Bg5 c6 6. e3 Be7 7. Bd3 Bg4 8. Nge2 Bh5 9. Qb3 Qb6 10. Nf4 Qxb3 11. axb3 Bg6 12. Nxg6 hxg6 13. h3 Nbd7 14. O-O a6 15. Na4 Bd6 16. f3 Rh5 17. Bxf6 gxf6 18. e4 dxe4 19. fxe4 Ke7 20. Nc3 Bc7 21. Be2 Rh4 22. Rad1 Bb6 23. Bc4 Rd8 24. Rf2 Nf8 25. Rfd2 Ne6 26. Bxe6 fxe6 27. Kf1 Ba5 28. Re2 Rd7 29. d5 e5 30. dxc6 Rxd1+ 31. Nxd1 bxc6 32. Nf2 Rf4 33. Re3 Bb6 34. Rf3 Rxf3 35. gxf3 Bxf2 36. Kxf2 Kd6 37. Ke3 Kc5 38. f4 exf4+ 39. Kxf4 Kd4 40. h4 a5 41. Kf3 Ke5 42. Ke3 c5 43. Kf3 Kd4 44. Kf4 Kd3 45. e5 fxe5+ 46. Kxe5 Kc2 47. Kf6 Kxb3 48. Kxg6 c4 49. h5 c3 50. bxc3 a4 51. h6 a3 52. h7 a2 53. h8=Q a1=Q 54. Qb8+ Kc2 55. Qh2+ Kb3 56. Qb8+ Kc2 57. c4 Qa6+ 1/2-1/2

[Event "Goodricke 13th op"]
[Site "Calcutta"]
[Date "2002.03.25"]
[Round "9"]
[White "Ovsejevitsch, Sergei"]
[Black "Sulskis, Sarunas"]
[Result "1/2-1/2"]
[WhiteElo "2529"]
[BlackElo "2579"]
[PlyCount "51"]
[EventDate "2002.03.17"]
[Source "ChessBase"]
[SourceDate "2002.03.21"]

1. d4 d5 2. c4 e6 3. Nc3 Nf6 4. cxd5 exd5 5. Bg5 c6 6. Qc2 Nbd7 7. e3 Bd6 8. Bd3 h6 9. Bh4 O-O 10. Nf3 Re8 11. O-O Nf8 12. h3 g5 13. Bg3 Bxg3 14. fxg3 Rxe3 15. Qd2 Qe7 16. Ne5 Rxe5 17. dxe5 N6d7 18. Rae1 Nxe5 19. Qf2 f6 20. Bb1 Kg7 21. Ne2 Be6 22. g4 Nfd7 23. Nd4 c5 24. Nxe6+ Qxe6 25. Qc2 Rh8 26. Qg6+ 1/2-1/2

[Event "Elista ol (Men)"]
[Site "Elista"]
[Date "1998.10.12"]
[Round "13"]
[White "Dao Thien Hai"]
[Black "Vescovi, Giovanni P"]
[Result "1/2-1/2"]
[WhiteElo "2580"]
[BlackElo "2525"]
[PlyCount "36"]
[EventDate "1998.09.29"]
[Source "ChessBase"]
[SourceDate "1998.11.06"]

1. d4 d5 2. c4 e6 3. Nc3 Nf6 4. cxd5 exd5 5. Bg5 c6 6. e3 Be7 7. Bd3 Nbd7 8. Nge2 Nh5 9. Bxe7 Qxe7 10. g4 Nhf6 11. Ng3 g6 12. g5 Ng8 13. h4 h6 14. gxh6 Ndf6 15. h5 Bg4 16. Be2 Bxe2 17. Qxe2 Rxh6 18. O-O-O O-O-O 1/2-1/2

[Event "URS-ESP mT"]
[Site "Logrono"]
[Date "1991.??.??"]
[Round "?"]
[White "Epishin, Vladimir V"]
[Black "Rodriguez, Orestes"]
[Result "1-0"]
[WhiteElo "2620"]
[BlackElo "2470"]
[PlyCount "73"]
[EventDate "1991.12.??"]
[Source "www.chesslib.no"]
[SourceDate "2004.05.04"]

1. d4 d5 2. c4 e6 3. Nc3 Nf6 4. cxd5 exd5 5. Bg5 Bb4 6. Rc1 h6 7. Bh4 g5 8. Bg3 Ne4 9. e3 Nxg3 10. hxg3 c6 11. Bd3 Bf8 12. Nf3 Be6 13. Qb3 b6 14. Qc2 Bg7 15. Ne5 O-O 16. f4 Re8 17. Bh7+ Kf8 18. O-O Bf6 19. Qd1 Kg7 20. Bb1 a5 21. Rc2 Ra7 22. Rcf2 Rh8 23. Qh5 Qe8 24. e4 Re7 25. exd5 cxd5 26. a3 Nc6 27. Qd1 gxf4 28. gxf4 Bh4 29. Rd2 f5 30. Qf3 Nxe5 31. dxe5 Qf7 32. g3 Qg6 33. Rg2 Bg5 34. fxg5 hxg5 35. Bxf5 Qh6 36. Bxe6 Qxe6 37. Qf6+ 1-0

[Event "Tan Chin Nam Cup"]
[Site "Qingdao"]
[Date "2002.07.08"]
[Round "8"]
[White "Dao Thien Hai"]
[Black "Barua, Dibyendu"]
[Result "1-0"]
[WhiteElo "2539"]
[BlackElo "2542"]
[PlyCount "53"]
[EventDate "2002.07.04"]
[Source "ChessBase"]
[SourceDate "2002.11.12"]

1. d4 d5 2. c4 e6 3. Nc3 Nf6 4. cxd5 exd5 5. Bg5 c6 6. e3 Qb6 7. Qd2 Ne4 8. Nxe4 dxe4 9. Ne2 Bd6 10. Nc3 Bf5 11. O-O-O O-O 12. f3 exf3 13. gxf3 Nd7 14. e4 Bg6 15. h4 f6 16. Be3 Rfd8 17. Bc4+ Bf7 18. Bxf7+ Kxf7 19. e5 fxe5 20. dxe5 Bc5 21. Bg5 Nf6 22. Qf4 Rxd1+ 23. Rxd1 Re8 24. Kb1 Ba3 25. Na4 Qf2 26. exf6 Re1 27. Qc4+ 1-0